01772nas a2200241Ia 4500001001100000003001000011008004100021040002500062041001300087100003600100210002100136222002100157245013900178250001100317260005100328300001100379310001200390362003500402500048200437501011400919520048201033650001501515R235-R2301IT-CnALBA170116c99999999xx |||||||||||| ||und|| aIT-CnALBAcIT-CnALBA aITALIANO aBERGAMASCHI PIETRO, MONS. DOTT. aREGINA DEI CUORI aREGINA DEI CUORI 0aREGINA DEI CUORI. N. II. ANNO I. MARZO 1915. RIVISTA MENSILE DELLA DIVOZIONE DI MARIANA. b RIVISTA MENSILE DELLA DIVOZIONE DI MARIANA a1a ed. a ROMAbFERRARI FRANCESCO LIBR. ED. REL. c1915 a31 p.  aMENSILE aFascicolo: 11 / Anno: 1 (1915) aCOMMENTO AL TRATTATO DELLA VERA DEVOZIONE A MARIA VERGINE. GLOSSA LETTERALE. GEBHARD H. M. TACCUINO INEDITO DEL SANTO GRIGNION DE MONTFORT. AVE MARIA. FIORE DELLA VERGINE, POESIA. DE GIOVANNI A. FESTA DELL'ANNUNCIAZIONE. INSEGNAMENTO DI MARIA. CREAZIONE SOVRANA IN MARIA. VITA DEL BEATO GRIGNION DE MONTFORT. NOTE D'ARTE, L'ANNUNCIAZIONE. THIOLY C. VISITA IN TERRASANTA, IMPRESSIONI ED EMOZIONI. TERESA PIA. CRONACA DELL'ARCICONFRATERNITA. PRATICA DEL MESE. POSTA DEI LETTORI.  aSocietà San Paolo EM - Piazza San Paolo, 14 - 12051 ALBA (CN) (non commercial uses only) ® Copyright 2017 aCOMMENTO AL TRATTATO DELLA VERA DEVOZIONE A MARIA VERGINE. GLOSSA LETTERALE. GEBHARD H. M. TACCUINO INEDITO DEL SANTO GRIGNION DE MONTFORT. AVE MARIA. FIORE DELLA VERGINE, POESIA. DE GIOVANNI A. FESTA DELL'ANNUNCIAZIONE. INSEGNAMENTO DI MARIA. CREAZIONE SOVRANA IN MARIA. VITA DEL BEATO GRIGNION DE MONTFORT. NOTE D'ARTE, L'ANNUNCIAZIONE. THIOLY C. VISITA IN TERRASANTA, IMPRESSIONI ED EMOZIONI. TERESA PIA. CRONACA DELL'ARCICONFRATERNITA. PRATICA DEL MESE. POSTA DEI LETTORI.  aMARIOLOGIA